The mind of Black Africa / (Record no. 6260)
[ view plain ]
| 000 -LEADER | |
|---|---|
| fixed length control field | 01152cam a2200313 a 4500 |
| 001 - CONTROL NUMBER | |
| control field | 1616516 |
| 005 - DATE AND TIME OF LATEST TRANSACTION | |
| control field | 20170602121517.0 |
| 008 - FIXED-LENGTH DATA ELEMENTS--GENERAL INFORMATION | |
| fixed length control field | 950630s1996 ctu b 001 0 eng |
| 010 ## - LIBRARY OF CONGRESS CONTROL NUMBER | |
| LC control number | 95034094 |
| 020 ## - INTERNATIONAL STANDARD BOOK NUMBER | |
| International Standard Book Number | 0275952606 (alk. paper) |
| 020 ## - INTERNATIONAL STANDARD BOOK NUMBER | |
| International Standard Book Number | 0275954293 (pbk. : alk. paper) |
| 040 ## - CATALOGING SOURCE | |
| Original cataloging agency | DLC |
| Transcribing agency | DLC |
| Modifying agency | DLC |
| 043 ## - GEOGRAPHIC AREA CODE | |
| Geographic area code | fb----- |
| 050 00 - LIBRARY OF CONGRESS CALL NUMBER | |
| Classification number | DT30.5 |
| Item number | .M86 1996 |
| 082 00 - DEWEY DECIMAL CLASSIFICATION NUMBER | |
| Classification number | 960.3 |
| Edition number | 20 |
| 100 1# - MAIN ENTRY--PERSONAL NAME | |
| Personal name | Mungazi, Dickson A. |
| 9 (RLIN) | 25944 |
| 245 14 - TITLE STATEMENT | |
| Title | The mind of Black Africa / |
| Statement of responsibility, etc | Dickson A. Mungazi. |
| 260 ## - PUBLICATION, DISTRIBUTION, ETC. (IMPRINT) | |
| Place of publication, distribution, etc | Westport, Conn. : |
| Name of publisher, distributor, etc | Praeger, |
| Date of publication, distribution, etc | 1996. |
| 300 ## - PHYSICAL DESCRIPTION | |
| Extent | xxxii, 261 p. ; |
| Dimensions | 24 cm. |
| 504 ## - BIBLIOGRAPHY, ETC. NOTE | |
| Bibliography, etc | Includes bibliographical references (p. [237]-250) and index. |
| 650 #0 - SUBJECT ADDED ENTRY--TOPICAL TERM | |
| Topical term or geographic name as entry element | Decolonization |
| Geographic subdivision | Africa, Sub-Saharan. |
| 9 (RLIN) | 32093 |
| 650 #0 - SUBJECT ADDED ENTRY--TOPICAL TERM | |
| Topical term or geographic name as entry element | Self-perception |
| Geographic subdivision | Africa, Sub-Saharan. |
| 9 (RLIN) | 32094 |
| 651 #0 - SUBJECT ADDED ENTRY--GEOGRAPHIC NAME | |
| Geographic name | Africa, Sub-Saharan |
| General subdivision | Civilization. |
| 9 (RLIN) | 32095 |
| 906 ## - LOCAL DATA ELEMENT F, LDF (RLIN) | |
| a | 7 |
| b | cbc |
| c | orignew |
| d | 1 |
| e | ocip |
| f | 19 |
| g | y-gencatlg |
| 942 ## - ADDED ENTRY ELEMENTS (KOHA) | |
| Source of classification or shelving scheme | Library of Congress Classification |
| Item type | Monograph ( Printed materials) |
| Withdrawn status | Lost status | Source of classification or shelving scheme | Damaged status | Not for loan | Collection code | Home library | Current library | Shelving location | Date acquired | Total Checkouts | Full call number | Barcode | Date last seen | Date last borrowed | Copy number | Price effective from | Koha item type |
|---|---|---|---|---|---|---|---|---|---|---|---|---|---|---|---|---|---|
| Library of Congress Classification | Main Collection | ARRUPE LIBRARY | ARRUPE LIBRARY | Main Collection | 27/02/2013 | 4 | DT30.5.M86 1996 | 46408558 | 14/03/2024 | 22/02/2024 | 1 | 27/02/2013 | Monograph ( Printed materials) | ||||
| Library of Congress Classification | Main Collection | ARRUPE LIBRARY | ARRUPE LIBRARY | Main Collection | 16/03/2015 | 8 | DT30.5.M86 1996 | 46407490 | 06/02/2019 | 07/01/2019 | 16/03/2015 | Monograph ( Printed materials) |